| 000 | 01384nam a2200289 a 4500 | ||
|---|---|---|---|
| 001 | ebr10565363 | ||
| 003 | CaPaEBR | ||
| 006 | m u | ||
| 007 | cr cn||||||||| | ||
| 008 | 120614s2012 dcua s 100 0 eng d | ||
| 020 | _z0309252423 | ||
| 020 | _z9780309252423 | ||
| 040 |
_aCaPaEBR _cCaPaEBR |
||
| 035 | _a(OCoLC)794788424 | ||
| 050 | 1 | 4 |
_aQH541.15.E267 _bN38 2012eb |
| 110 | 2 |
_aNational Academies. _bKeck Futures Initiative. |
|
| 245 | 1 | 0 |
_aEcosystem services _h[electronic resource] : _bcharting a path to sustainability : interdisciplinary research team summaries : Conference, Arnold and Mabel Beckman Center, Irvine, California, November 10-13, 2011 / _cThe National Academies Keck Futures Initiative. |
| 260 |
_aWashington, D.C. : _bNational Academies Press, _c2012. |
||
| 300 |
_axiv, 121 p. : _bill. (some col.) |
||
| 533 |
_aElectronic reproduction. _bPalo Alto, Calif. : _cebrary, _d2011. _nAvailable via World Wide Web. _nAccess may be limited to ebrary affiliated libraries. |
||
| 650 | 0 |
_aEcosystem services _vCongresses. |
|
| 650 | 0 |
_aSustainable development _vCongresses. |
|
| 655 | 7 |
_aElectronic books. _2local |
|
| 710 | 2 | _aebrary, Inc. | |
| 711 | 2 |
_aKeck Futures Initiative Conference _d(2011 : _cIrvine, Calif.) |
|
| 856 | 4 | 0 |
_uhttp://site.ebrary.com/lib/rucke/Doc?id=10565363 _zAn electronic book accessible through the World Wide Web; click to view |
| 999 |
_c202477 _d202477 |
||